Movies Quiz

Random Movies or Actor Quiz
Score 0/32 Timer 06:00
1 Play Today
% Correct
Pretty Woman
93.5%
Apollo 13
88.4%
One Flew Over the Cuckoo's Nest
84.3%
A League of Their Own
76.1%
American Psycho
71.3%
Shutter Island
67.5%
Monster
65.3%
A.I. Artificial Intelligence
57.3%
Field of Dreams
55.8%
Bonnie and Clyde
55.7%
Twelve Monkeys
54.7%
Planet of the Apes
53.9%
Girl, Interrupted
53.3%
Bull Durham
51.3%
Space Cowboys
49.7%
The Town
48.3%
% Correct
Midnight Cowboy
48.2%
The Witches
46.9%
Hocus Pocus
45.4%
Major League
44.7%
Leaving Las Vegas
44.2%
Natural Born Killers
43.3%
Dog Day Afternoon
42.1%
Bicentennial Man
36%
Terminator 2: Judgment Day
35.5%
Practical Magic
32.2%
Inside Man
31.4%
Moon
29.2%
The Craft
27.9%
Blade Runner
26%
Mr. Brooks
15.3%
Frailty
7.8%
Remove Ads.
Support Sporcle.
Get the best of Sporcle when you Go Orange. This ad-free experience offers more features, more stats, and more fun while also helping to support Sporcle. Thank you for becoming a member.

You're not logged in!

Compare scores with friends on all Sporcle quizzes.
OR
Log In

Show Comments

Extras

Top Quizzes Today


Score Distribution

Your Account Isn't Verified!

In order to create a playlist on Sporcle, you need to verify the email address you used during registration. Go to your Sporcle Settings to finish the process.

Report this User

Report this user for behavior that violates our Community Guidelines.

Details: